| 000 | 00436nam a2200181Ia 4500 | ||
|---|---|---|---|
| 003 | OSt | ||
| 005 | 20240613102305.0 | ||
| 008 | 210210b1903 xxu||||| |||| 00| 0 eng d | ||
| 040 | _cAL | ||
| 041 | _aPersian | ||
| 082 | _a492/12 | ||
| 100 |
_aAZIZ (Mahammed Abdul) _9106958 |
||
| 245 |
_aAziz-ul-akhlak fi _b عزیز ال اخلاق فی |
||
| 260 |
_b- _c1903 |
||
| 690 |
_aLanguage _9106959 |
||
| 906 | _a007051 | ||
| 942 |
_2ddc _cBK |
||
| 999 |
_c141091 _d141091 |
||